000 01244nam a22001937a 4500
003 JO-AjAnu
005 20250310102747.0
008 250309b jo ||||| |||| 00| 0 ara d
040 _cJO-AjAnu
041 _hara
100 _aالقضاة، نداء احمد عقلة
_eمعد
_966479
245 _aاثر التحول الرقمي للمؤسسات المالية الإسلامية على الميزة التنافسية في البنوك الإسلامية العاملة في الأردن = The Impact of Digital Transformation of Islamic Financial Institutions on the Competitive Advantage of Islamic Banks Operating in Jordan
_c / اعداد نداء احمد عقلة القضاة ؛ اشراف محي الدين يعقوب ابو الهول
260 _c2025
300 _a102 ورقة
500 _aرسالة جامعية (رسالة ماجستير في المصارف الاسلامية)- جامعة عجلون الوطنية (عجلون - الارردن)/ كلية الأعمال، تحصص المصارف الاسلامية، 2025.
650 _vالبنوك الاسلامية-التحول الرقمي الاسلامي
700 _aابو الهول، محي الدين يعقوب
_964950
_eمشرف
942 _2lcc
_cTHS
_n0
999 _c33880
_d33880